| 000 | 01055nam0a22002771 4500 | ||
|---|---|---|---|
| 001 | rc\3628522 | ||
| 005 | 20260406125703.0 | ||
| 021 |
_aRU _b[71-22835] |
||
| 035 | _a(NLR Aleph) 007823799 | ||
| 090 |
_a7752470 _c7752470 |
||
| 100 | _a20130115d1971 |||y0rusy50 ca | ||
| 101 | 0 | _arus | |
| 102 | _aRU | ||
| 105 | _aa z |||a| | ||
| 200 | 1 |
_aБаранкин, будь человеком! _e36 событий из жизни Юры Баранкина _e[Повесть] _fРис. Г. Валька |
|
| 210 |
_aМосква _cДет. лит. _d1971 |
||
| 215 |
_a144 с. _cил. _d21 |
||
| 225 | 1 |
_aШкольная библиотека _i[Для начальной школы] |
|
| 608 |
_aСказки русские, советские (д. л.) _2psbo |
||
| 700 | 1 |
_8rus _7ca _aМедведев _bВ. В. _cписатель _f1923-1997 _gВалерий Владимирович _3RU\NLR\auth\771442 _9111467 |
|
| 702 | 1 |
_aВальк _bГ. _4440 |
|
| 801 | 0 |
_aRU _bNLR _gpsbo |
|
| 801 | 1 |
_aRU _bELAR _2rusmarc |
|
| 852 |
_aNLR _j71-3/1901 |
||
| 942 | _cBOOK | ||
| 980 | _aNB | ||